000 00649cam a2200241 4500
001 J61524
008 000000n2000 000 0 eng u
035 _a(Sirsi) u107108
050 _a332.6324
110 _aHealey and Baker
_91907
245 _aQuarterly market report. - May 2000 -November 2000
260 _aLondon
_bHealey and Baker
_c2000
300 _a3pt ; 30cm.
650 _aPROPERTY-COMMERCIAL PROPERTY
650 _aINDUSTRIAL PROPERTY
650 _aOFFICES
650 _aPROPERTY INVESTMENT
650 _aRETAIL PROPERTY
650 _aSHOPS
650 _aYIELDS
690 _aPROPERTY-COMMERCIAL PROPERTY
942 _n0
999 _c100656
_d100656